00704nam a2200241 a 4500001001300000003000900013005001700022008004100039020001000080082001900090100002700109245002000136260003800156300000900194500003500203505002400238650002300262700002700285902000800312942000700320952012000327999001500447nice12345678IN_TiNIC20260116012328.0050524s1981 luca grp 000 0 ara  ac10000a297.1227bDAR1 aDaryabadi, Abdul Majid aTafsir-Ul-Quran aLucknowbAcademy of Islamicc1981 a464p aincludes index and biblioraphy2 aBibliography, Index aQuran-Hermeneutics1 aDaryabadi, Abdul Majid bSRS cBK 001040708StackRoom-aHMIbHMId2007-08-02g100.00l0o297.1227 DAR1p010093r2007-08-02v100.00w2005-05-24yBK c6579d6579